000 00217nam a2200097Ia 4500
008 190216s9999||||xx |||||||||||||| ||und||
100 _aEalam Kulam Kunjan Pilla
245 0 _aGandhidevan
260 _bNull
942 _cBK
999 _c24063
_d24063